| 000 | 00468cam a2200157ua 4500 | ||
|---|---|---|---|
| 003 | OSt | ||
| 008 | 240322b |||||||| |||| 00| 0 eng d | ||
| 041 | _aeng | ||
| 082 |
_a820.3 _bBAR/CO |
||
| 100 |
_aBartleff, John . _96171 |
||
| 245 | _aComplete concordance of verbal index to words, phrases and passages in the dramatic works of Shakespeare / | ||
| 260 |
_aLondon : _bMcMillon & Co Ltd , _c1963. |
||
| 300 | _a1908 ; . | ||
| 650 |
_aLiterature _91732 |
||
| 942 | _cBK | ||
| 999 |
_c3841 _d3841 |
||